|
|
|
|
| LEADER |
00000naa a2200000uu 4500 |
| 001 |
vtls010944150 |
| 003 |
SK-MaSNL |
| 005 |
20260302121548.0 |
| 008 |
210902|2011 xo |||||||||||||||||eng| |
| 015 |
|
|
|a SNBRA
|
| 035 |
|
|
|a (urnnbn)urn:nbn:sk:snk:ar-a0be8e
|
| 035 |
|
|
|a (uuid)138a9975-9fc2-4136-ac4a-389e83be1d8a
|
| 035 |
|
|
|a urn:nbn:sk:snk-aau6fu
|
| 040 |
|
|
|a SNKBUCL
|b slo
|c SNKBUCL
|e AACR2
|
| 041 |
0 |
|
|a eng
|
| 044 |
|
|
|a xo
|c SK
|
| 100 |
1 |
|
|a Kudlačák, Michal
|4 aut
|9 803684
|
| 245 |
1 |
4 |
|a The Minimization of TONT Networks
|c Michal Kudlačák
|
| 773 |
0 |
|
|t IIT.SRC 2011: Student Research Conference
|d In Bratislava : Slovak University of Technology, 2011
|g S. [291]-296
|z 9788022734882
|
| 958 |
|
|
|a OND
|
| 958 |
|
|
|a article11
|
| 958 |
|
|
|a chapter
|
| 999 |
|
|
|c 1274513
|d 1276443
|